000 00828nac a22002417a 4500
001 BR7700316
003 BR-BrBNA
005 20240105114018.0
008 230509b bl.|||m| |||| 00| 0 por d
040 _aBR-BrBNA
_bpor
_cBiblioteca Nacional de Agricultura
072 _aF10
090 _aF10 BR7700316
110 1 _aUnidade de Execucao de Pesquisa de Ambito Estadual de Barreiras, BA (Brasil)
_910348
245 1 _aBoletim agro-meteorologico, janeiro 1976 [Brasil]
260 3 _aBarreiras, BA (Brasil):
_c1976.
300 _a13 p.
490 _aBoletim Agro-Meteorologico - Unidade de Execucao de Pesquisa de Ambito Estadual de Barreiras (Brazil)
_v
_x
500 _aNumerical data
650 _aMETEOROLOGIA
650 _aREGIAO NORDESTE
909 _a202312
_bLúcia Elande
_c55
_dLúcia Elande
942 _2AGRIS
_n0
_cMS
999 _c266883
_d266883